| 000 | 00888nac a22002291u 4500 | ||
|---|---|---|---|
| 010 | _a2003000644 | ||
| 020 | _a812970207x | ||
| 082 | 0 | 0 |
_a005.8 _bC5259 |
| 090 |
_c1576 _d1576 |
||
| 100 | _aCheswick, William R. | ||
| 245 | 1 | 0 |
_aFirewalls and Internet security : _brepelling the wily hacker / _cWilliam R. Cheswick, Steven M. Bellovin and Aviel D. Rubin. |
| 250 | _a2nd ed. | ||
| 260 |
_aBoston : _bAddison-Wesley, _cc2003. |
||
| 300 |
_axx, 433 p. : _bill. ; _c24 cm. |
||
| 440 | 0 | _aAddison-Wesley professional computing series | |
| 504 | _aIncludes bibliographical references (p. 355-388) and index. | ||
| 650 | 0 | _aFirewalls (Computer security) | |
| 700 | 1 | _aBellovin, Steven M. | |
| 700 | 1 | _aRubin, Aviel D. | |
| 942 |
_cBB _k005.8C5259 |
||
| 999 |
_c1576 _d1576 |
||